The Yoga & Holistic Health/ (Record no. 187643)

MARC details
000 -LEADER
fixed length control field 00634nam a22001937a 4500
005 - DATE AND TIME OF LATEST TRANSACTION
control field 20220426172715.0
010 ## - LCCN (DPL NO)
LC control number ENG-132406
020 ## - INTERNATIONAL STANDARD BOOK NUMBER
International Standard Book Number 9788192171180
Terms of availability 395.00
035 ## - SYSTEM CONTROL NUMBER
System control number EN-115938
037 ## - SOURCE OF ACQUISITION
Source of stock number/acquisition DBAD/PUB
082 ## - DEWEY DECIMAL CLASSIFICATION NUMBER
Classification number 613
100 ## - MAIN ENTRY--PERSONAL NAME
Personal name Yadav, Amarjeet
245 ## - TITLE STATEMENT
Title The Yoga & Holistic Health/
Statement of responsibility, etc Amarjeet Yadav and Sohan Raj Tater
260 ## - PUBLICATION, DISTRIBUTION, ETC. (IMPRINT)
Place of publication, distribution, etc Jaipur
Name of publisher, distributor, etc Rashtriya Sahita Sansthan
Date of publication, distribution, etc 2017
270 ## - ADDRESS
Address C-14, First Floor, Opp. Khandelwal Girls College, Sansar Chandra Road
City Jaipur
Postal code 302001
Electronic mail address rssjpr@gmail.com
300 ## - PHYSICAL DESCRIPTION
Extent x, 133p.
Dimensions 22cm(hbk)
700 ## - ADDED ENTRY--PERSONAL NAME
Personal name Tater, Sohan Raj
942 ## - ADDED ENTRY ELEMENTS (KOHA)
Source of classification or shelving scheme Dewey Decimal Classification
Item type English Books
Classification part 613
Call number suffix YAD
Holdings
Withdrawn status Lost status Not for loan Collection code Home library Current library Date acquired Source of acquisition Cost, normal purchase price Full call number Barcode Copy number Cost, replacement price Koha item type
      Non-fiction Bawana Bawana 26/04/2022 DBAD/PUB 395.00 613 YAD EN-115938 1 395.00 English Books

© Delhi Public Library
Hit Counter
free hit counter